Word Ladder: Sentence Fragment Quiz Stats

Quiz Updated Nov 29, 2016

Challenge
Share
Tweet
Embed
Score 0/36 Timer 04:00
0 Plays Today
Hint 4-Letter Word % Correct
✥ Bee sound ✥BUZZ
99.2%
Feline in bootsPUSS
95.5%
✥ Throw a football forward ✥PASS
95.3%
✥ Underground plant part ✥ROOT
95%
✥ Tenth out of ten contestants ✥LAST
94.6%
Young Scottish ladyLASS
94.4%
Chess castleROOK
94%
✥ Bound written material ✥BOOK
93.2%
Slang for policeFUZZ
93%
Pirate bountyLOOT
92.5%
✥ Noggin ✥HEAD
92.5%
TV series of Oceanic Flight 815 LOST
92%
✥ Money that has been borrowed ✥LOAN
91.4%
Cure an illness or injuryHEAL
90.7%
Having little fatLEAN
90.6%
✥ Story performed on stage ✥PLAY
90.5%
Having little colorPALE
89.2%
Bus feeFARE
88.4%
Hint 4-Letter Word % Correct
Pb 82LEAD
88.4%
38th US president GeraldFORD
87.2%
Needless bustle or excitement FUSS
87.1%
Brazilian soccer greatPELÉ
86.4%
Very strong windGALE
86.2%
Crazy-sounding waterbirdLOON
85.2%
Bomb detonating deviceFUSE
83.8%
Blessing, benefitBOON
83.5%
✥ Situated in front ✥FORE
82.3%
Animal skinPELT
82%
Flavor charged iced tea brandFUZE
81.7%
Loud ringing of a bell PEAL
81.4%
✥ Competitive contest or sport ✥GAME
77.3%
Tenn. University Austin ____PEAY
77.1%
Boggy mossPEAT
75.8%
1975 David Bowie #1 hitFAME
75.3%
Chart a piece of land PLAT
72.4%
✥✥ COMMON BOND ✥✥WORD
49.6%

Today's Daily Dose

Missing Word
April Birthdays

Quick Pick
Signature Pinks

On This Day
April 20th II

You're not logged in!

Compare scores with friends on all Sporcle quizzes.
Sign Up with Email
OR
Log In

You Might Also Like...

Show Comments

Extras

Top Quizzes Today


Score Distribution

Your Account Isn't Verified!

In order to create a playlist on Sporcle, you need to verify the email address you used during registration. Go to your Sporcle Settings to finish the process.

Report this User

Report this user for behavior that violates our Community Guidelines.

Details: